[Event "Fagernes GM Swiss 2020"]
[Site "Fagernes"]
[Date "2020.10.08"]
[Round "6.9"]
[White "Notkevich, Benjamin Arvola"]
[Black "Vestby-Ellingsen, Mads"]
[Result "1-0"]
[WhiteElo "2482"]
[BlackElo "2362"]
[Annotator "TA"]
[PlyCount "91"]
[EventDate "2020.10.04"]
[EventType "swiss"]
[EventCountry "NOR"]
[SourceTitle "playchess.com"]
[Source "ChessBase"]
[SourceQuality "1"]

{[%evp 9,91,27,28,28,27,28,22,27,27,12,43,12,21,22,55,65,54,53,64,45,62,84,85,49,74,87,77,39,44,53,49,49,42,37,70,70,70,70,61,65,88,88,89,68,138,143,122,136,145,140,179,198,216,221,320,328,386,358,345,371,371,369,361,352,406,386,435,419,406,378,477,418,476,454,426,412,425,425,447,397,495,417,419,379]} 1. d4 Nf6 2. c4 g6 3. f3 Nc6 4. d5 Ne5 5. e4 d6 6. Nc3 {E60: King's Indian: Unusual lines and Fianchetto Variation without Nc3.} Bg7 7. f4 Ned7 8. Nh3 {The position is equal.} O-O 9. Be2 c6 10. Be3 cxd5 11. cxd5 {[#]} a6 $146 ({Predecessor:} 11... b5 12. a3 a6 13. O-O Nb6 14. Nf2 e6 15. dxe6 Bxe6 16. Bd4 Rc8 17. g4 Bc4 {1-0 (30) Wallace,J (2391)-Gormally,D (2504) England 2014}) 12. Nf2 b5 13. Rc1 Nb6 14. O-O e6 15. dxe6 Bxe6 16. Bd4 Rc8 17. Bf3 Na4 18. Nxa4 {[#] Threatens to win with Rxc8.} Rxc1 19. Qxc1 {aiming for Nc3.} bxa4 20. Qc6 Qd7 21. Rc1 Rc8 22. Qxc8+ Qxc8 23. Rxc8+ Bxc8 24. Nd1 Nd7 {Black is on the road to losing.} 25. Bxg7 Kxg7 $16 {[%mdl 4096] Endgame KBN-KBN} 26. Bg4 f5 (26... h5 $14 27. Bh3 Nb6) 27. exf5 Nf6 28. Be2 Nd5 29. g3 gxf5 30. a3 Nc7 31. Nc3 d5 (31... Bd7 {was called for.} 32. Kf2 Be8) 32. Nxa4 $18 d4 33. Nc5 Kf6 34. Nb3 Ke6 35. Nxd4+ Kd5 36. Nb3 Ke4 37. Kf2 Ne6 38. Bc4 Nc7 39. Ke2 h6 40. Bd3+ Kd5 41. Ke3 Ne8 42. Nd4 Nd6 43. b3 Kc5 44. Nc2 Bb7 45. Kd2 Bc8 46. Kc3 {Accuracy: White = 89%, Black = 67%.} 1-0

[Event "Fagernes GM Swiss 2020"]
[Site "Fagernes"]
[Date "2020.10.08"]
[Round "6.10"]
[White "Galinsky, Timofey"]
[Black "Shehzad, Shazil"]
[Result "1-0"]
[WhiteElo "2370"]
[BlackElo "2188"]
[Annotator "TA"]
[PlyCount "64"]
[EventDate "2020.10.04"]
[EventType "swiss"]
[EventCountry "NOR"]
[SourceTitle "playchess.com"]
[Source "ChessBase"]
[SourceQuality "1"]

{[%evp 9,64,-18,-6,-14,-11,-23,-11,-89,-62,-33,13,12,14,11,29,15,93,26,74,21,59,53,55,65,53,16,18,25,50,46,87,75,174,178,185,181,190,166,192,160,172,179,202,198,250,251,427,281,308,253,435,408,445,427,435,397,29985]} 1. d4 Nf6 2. Nf3 d5 3. c3 e6 4. Bf4 Bd6 5. Bg3 c5 6. e3 {D02: 1 d4 d5 2 Nf3 sidelines, including 2...Nf6 3 g3 and 2...Nf6 3 Bf4.} Qc7 7. Ne5 Ne4 8. f4 {[#]} (8. Na3 $11 {keeps the balance.}) 8... O-O $146 (8... cxd4 {looks sharper.} 9. exd4 f6 10. Bb5+ Nc6 11. Nd3 O-O) ({Predecessor:} 8... cxd4 9. exd4 O-O 10. Nd2 f6 11. Nd3 Bd7 12. Be2 Bc6 13. O-O Nd7 14. Bf3 Rae8 {½-½ (80) Mueller,M (2147)-Lutz,A (2027) Baden 2020}) 9. Nd2 f6 {And now ...Nxd2 would win.} (9... Nxd2 {seems wilder.} 10. Qxd2 c4 11. Be2 Nd7 12. Ng4 Rb8) 10. Nxe4 dxe4 11. Nc4 f5 12. Be2 Qc6 (12... Be7 $11) 13. O-O (13. d5 $16 exd5 14. Na5) 13... b6 14. a4 (14. dxc5 $16 Bxc5 15. b4) 14... Nd7 15. Bh4 $36 {[%mdl 2048] White has good play.} Nf6 16. Bxf6 gxf6 17. Qb3 Be7 18. Na3 cxd4 19. cxd4 Bxa3 20. Qxa3 Qc2 (20... Bb7 $16 {is a better defense.}) 21. Bb5 $18 Qc7 22. Rfc1 Qd8 23. Rc6 $1 Rf7 {[#]} 24. Rac1 $1 Bd7 25. Rd6 Qe8 {[#]} 26. Qb3 $1 Bxb5 (26... Kg7 {was necessary.} 27. Bxd7 Rxd7 28. Rxe6 Qf7) 27. Rxe6 ({But not} 27. axb5 $6 Re7) ({Not} 27. Qxb5 Qxb5 28. axb5 Re8 $14) 27... Qd8 $2 (27... Qd7) 28. axb5 Kh8 29. Rec6 Rg7 $2 (29... Kg7 30. h3 Kg6) 30. Qe6 {[%mdl 64] Rc8 is the strong threat. Double Attack} Qg8 31. Qxf5 ({Weaker is} 31. Qxf6 Rf8 $18) 31... Rxg2+ 32. Kh1 Qg7 $2 {Accuracy: White = 65%, Black = 42%.} (32... Re8 $18 33. Qxf6+ Qg7 34. Qxg7+ Rxg7) 1-0

[Event "Fagernes GM Swiss 2020"]
[Site "Fagernes"]
[Date "2020.10.08"]
[Round "6.11"]
[White "Abdrlauf, Elham"]
[Black "Kvaloy, Aksel Bu"]
[Result "1-0"]
[WhiteElo "2362"]
[BlackElo "2174"]
[Annotator "TA"]
[PlyCount "81"]
[EventDate "2020.10.04"]
[EventType "swiss"]
[EventCountry "NOR"]
[SourceTitle "playchess.com"]
[Source "ChessBase"]
[SourceQuality "1"]

{[%evp 9,81,0,0,0,0,0,6,2,5,4,8,0,0,0,0,0,0,-4,0,0,0,0,0,0,0,-1,6,0,9,-17,-18,-24,-6,-4,0,0,0,0,0,0,21,28,25,7,47,39,36,0,29,38,46,18,26,23,56,0,0,-2,159,164,314,302,284,289,466,458,29978,29976,29979,29978,29988,29989,29992,29993]} 1. Nf3 d5 2. e3 Nf6 3. c4 c6 4. b3 Bf5 5. Nc3 e6 6. Be2 {A12: English Opening: 1...c6 with b3 by White.} h6 7. O-O Be7 8. Bb2 {The position is equal.} O-O 9. d4 a6 10. c5 Nbd7 11. Rc1 Qc7 {[#]} 12. Bd3 $146 ({Predecessor:} 12. Na4 Ne4 13. Nd2 Bg5 14. Nxe4 Bxe4 15. Qd2 Bg6 16. f4 Bd8 17. g4 Be4 18. Bf3 {½-½ (51) Kohlei,R (2064)-Paetzold,H (1869) Reil 2011}) 12... Bxd3 13. Qxd3 e5 14. dxe5 Nxe5 15. Qf5 Nxf3+ 16. Qxf3 Rfe8 17. Rfd1 Rad8 18. b4 Bf8 19. Rd4 a5 20. a3 axb4 21. axb4 Ra8 22. Rf4 {aiming for Rxf6.} Nh7 23. h4 g6 24. Ne2 Bg7 25. Bxg7 Kxg7 26. Nd4 h5 27. Qg3 Kh8 28. Qf3 Kg7 29. b5 Nf8 30. bxc6 bxc6 31. g4 Re5 $1 32. Qg3 ({White should try} 32. Rf6 $14) 32... Ne6 $11 33. Nxe6+ fxe6 $2 {[#]} ({Better is} 33... Rxe6 $11 34. gxh5 Rh8) 34. Kh1 $16 Re4 (34... Qe7 $142 35. Rb1 Kh8) 35. gxh5 $18 Rxf4 36. Qxg6+ Kf8 $2 (36... Kh8 {was called for.} 37. Qh6+ {[%mdl 64] Double Attack} (37. exf4 Qxf4 {[%mdl 64] Double Attack} 38. Qg5 Qf3+ 39. Qg2 Qxh5 $15) 37... Qh7 38. Qxf4 Qg7) 37. Qh6+ {[%mdl 64] [#] Double Attack} ({Worse is} 37. exf4 Qxf4 38. Re1 Ra2 $11) 37... Ke7 (37... Qg7 $18 38. Qxf4+ Qf7) 38. exf4 {White mates.} Rf8 39. Qg5+ Rf6 40. Ra1 Qxf4 41. Qg7+ {Accuracy: White = 91%, Black = 73%.} 1-0

[Event "Fagernes GM Swiss 2020"]
[Site "Fagernes"]
[Date "2020.10.08"]
[Round "6.12"]
[White "Fossan, Aleksander"]
[Black "Vitenberg, Noam Aviv"]
[Result "0-1"]
[WhiteElo "2171"]
[BlackElo "2298"]
[Annotator "TA"]
[PlyCount "64"]
[EventDate "2020.10.04"]
[EventType "swiss"]
[EventCountry "NOR"]
[SourceTitle "playchess.com"]
[Source "ChessBase"]
[SourceQuality "1"]

{[%evp 12,64,31,31,45,16,47,48,60,43,73,10,54,-27,-12,-12,0,0,0,-77,0,-76,-20,-277,-271,-287,-250,-270,-252,-342,-345,-338,-291,-284,-141,-131,0,-108,20,-960,-949,-856,-793,-29989,-29990,-29990,-29991,-29991,-29992,-29992,-29993,-29994,-29993,-29998,-29999]} 1. e4 d6 2. d4 Nf6 3. Nc3 Nbd7 4. Nf3 e5 5. Bc4 Be7 6. a4 c6 7. O-O a5 {C41: Philidor Defence.} 8. Re1 Qc7 9. h3 h6 {White is slightly better.} 10. Ba2 g5 11. Nh2 (11. Bb3 $16) 11... Nf8 {[#]} 12. Ng4 $146 (12. Be3 $14) ({Predecessor:} 12. Be3 Ng6 13. Qe2 O-O 14. Ng4 Nxg4 15. hxg4 Nf4 16. Qf3 Qd7 17. g3 Ng6 18. Qf5 {½-½ (91) Sliwicka,A (2236)-Kislinsky,A (2425) Szczawno Zdroj 2018}) 12... Bxg4 13. hxg4 h5 14. gxh5 ({Don't take} 14. Bxg5 Nxg4 15. Be3 Ne6 $14) 14... Rxh5 15. Qd3 (15. d5 $11 {remains equal.}) 15... O-O-O (15... Ng6 $17) 16. Ne2 (16. d5 $1 $11) 16... d5 ({Black should play} 16... Rh7 $1 $17) 17. exd5 $2 {[%mdl 8192]} (17. Ng3 $1 $11 dxe4 18. Qd2) 17... e4 $19 {Strongly threatening ...Qh2+.} 18. Qg3 Bd6 19. Qb3 {With the idea dxc6.} cxd5 ({Not} 19... Nxd5 20. Ng3 $15) 20. Qc3 Ne6 21. Ng3 Rh7 22. Nf5 Bh2+ (22... Kb8 $19 {Threatens to win with ...Qb6.} 23. Bd2 Rdh8 24. Qxc7+ Bxc7) 23. Kf1 $17 {[#]} Bf4 $40 {[%mdl 128] Black mounts an attack.} (23... Kb8 $1 $17 {Hoping for ...Qd7.} 24. Qxc7+ Bxc7) 24. Be3 {[#]} (24. g3 $1 $11 {keeps the balance.}) 24... Bxe3 ({Better is} 24... Rh2 $1 $17) 25. Nxe3 $4 {[%mdl 8192]} (25. fxe3 $11 Kd7 26. Qxc7+ Nxc7 27. c4) 25... Nf4 $19 {[%cal Rh7h1]} 26. f3 exf3 {aiming for ...Qxc3.} 27. gxf3 Rh1+ {Black mates.} 28. Kf2 Rh2+ 29. Kf1 Rdh8 30. Qxc7+ Kxc7 31. Ng4 Rxc2 {[%cal Rh8h1]} 32. Kg1 Rg2+ {[%mdl 64] Double Attack. Accuracy: White = 33%, Black = 52%.} 0-1

[Event "Fagernes GM Swiss 2020"]
[Site "Fagernes"]
[Date "2020.10.08"]
[Round "6.13"]
[White "Dolzhikova, Olga"]
[Black "Skotheim, Andreas"]
[Result "1/2-1/2"]
[WhiteElo "2208"]
[BlackElo "2120"]
[Annotator "TA"]
[PlyCount "108"]
[EventDate "2020.10.04"]
[EventType "swiss"]
[EventCountry "NOR"]
[SourceTitle "playchess.com"]
[Source "ChessBase"]
[SourceQuality "1"]

{[%evp 15,108,-42,-42,-70,-38,-45,-52,-44,44,29,33,35,27,40,39,29,47,29,45,25,23,33,27,15,29,17,12,0,20,0,0,0,0,0,26,0,0,0,41,0,0,0,0,0,13,0,0,0,0,0,0,0,0,0,0,0,0,0,0,0,0,0,0,0,0,0,0,0,0,0,0,0,0,0,0,0,0,0,0,0,0,0,0,0,0,0,0,0,0,0,0,0,0,0,0]} 1. e4 e5 2. d4 exd4 3. Qxd4 Nc6 4. Qe3 Nf6 5. Bd2 Bb4 6. Nc3 O-O 7. O-O-O Re8 8. Bc4 d6 9. Nh3 {C22: Centre Game.} Bxc3 (9... a5 {feels hotter.} 10. a3 Ne5 11. Bb3 Bc5 12. Qe2 c6) 10. Bxc3 Nxe4 11. Qf3 {[#] Black is slightly better.} Be6 $146 (11... Re7 $15) ({Predecessor:} 11... Re7 12. Bxf7+ Rxf7 13. Qxe4 Bxh3 14. gxh3 Rxf2 15. Qe6+ Rf7 16. Bxg7 Kxg7 17. Rhg1+ Kf8 {½-½ (25) Fratino,L (1915)-Nardi,M (2017) Cattolica 2005}) 12. Qxe4 $14 {Hoping for Bd3.} Bxh3 $1 13. Bxf7+ {[%mdl 64] [#] Decoy} Kxf7 14. Qf3+ Kg8 {aiming for ...Qg5+.} 15. Qxh3 Qc8 16. Qg3 {[%csl Gc3][%cal Rg3g7]} Qd7 17. f4 Re7 18. Rhf1 Rf8 19. h3 a5 20. Qd3 Nb4 21. Bxb4 axb4 22. Kb1 Qc6 23. Qb3+ Kh8 24. g4 Qc5 25. f5 Re3 26. Rd3 Re5 (26... Rxd3 {looks sharper.} 27. Qxd3 Re8 28. Rc1 Re3 29. Qf1 Re4) 27. a3 (27. c3 {is interesting.} Re4 28. Rfd1 Rfe8 29. cxb4 Rxb4 30. Qc3) 27... bxa3 {The position is equal.} 28. Qxa3 Qxa3 29. Rxa3 $11 {[%mdl 4096] Endgame KRR-KRR} c6 30. Raf3 d5 31. Kc1 h5 32. g5 g6 33. fxg6 Rxf3 34. Rxf3 Rxg5 {KR-KR} 35. Rf7 Rxg6 36. Rxb7 Rg7 37. Rb6 Rg6 38. h4 Kg7 39. Kd2 Re6 40. Rb8 Re4 41. b3 Rxh4 42. Rc8 Kf6 43. Rxc6+ Ke5 44. Rc8 Kd6 45. Kc3 Kd7 46. Rh8 Kc6 47. b4 Rh3+ 48. Kb2 h4 49. c3 Rh1 50. Rh6+ Kc7 51. Kb3 h3 52. Ka4 h2 53. Kb5 Rc1 54. Rxh2 Rxc3 {Accuracy: White = 95%, Black = 88%.} 1/2-1/2

[Event "Fagernes GM Swiss 2020"]
[Site "Fagernes"]
[Date "2020.10.08"]
[Round "6.14"]
[White "Torngren, Gustav"]
[Black "Oye-Stromberg, Alexander"]
[Result "1/2-1/2"]
[WhiteElo "2185"]
[BlackElo "2048"]
[Annotator "TA"]
[PlyCount "108"]
[EventDate "2020.10.04"]
[EventType "swiss"]
[EventCountry "NOR"]
[SourceTitle "playchess.com"]
[Source "ChessBase"]
[SourceQuality "1"]

{[%evp 13,107,-32,-13,-27,-12,-29,-10,-16,-11,-52,-18,-48,-25,-54,-57,-66,-30,-58,-30,-26,0,0,5,-54,-61,-45,-49,-85,-92,-187,-64,-88,-128,-206,-122,-143,-119,-118,-106,-114,0,0,141,161,187,180,190,152,265,260,489,-23,-18,-59,-10,-95,-72,-118,-102,-127,-135,-262,-256,-1011,-923,-939,-569,-569,-569,-562,-562,-562,-554,-554,-548,-532,-170,-239,-170,-312,-170,-170,-170,-170,-170,-170,-170,-170,-170,-170,-170,-170,0,0,0,0]} 1. d3 d5 2. Nd2 Nf6 3. c3 e6 4. e4 Be7 5. Be2 c5 6. Ngf3 Nc6 7. O-O O-O 8. Qc2 {B40: Sicilian: 2...e6, Unusual lines.} b5 9. Re1 Qb6 10. Nf1 {[#]} a5 $146 ({Predecessor:} 10... Bb7 11. Bg5 dxe4 12. dxe4 c4 13. Ne3 Bc5 14. Rad1 Ne7 15. Bxf6 gxf6 16. Ng4 Kh8 {1-0 (23) Duboue,P (2406)-Dutreuil,R (2201) Angers 2016}) 11. Ng3 Ba6 12. Bf1 a4 13. e5 Nd7 14. Qd2 Rfb8 15. Qf4 Qd8 16. Qg4 Nf8 17. h4 b4 18. h5 {[#]} (18. c4 $11) 18... a3 $1 $15 {[%mdl 512]} 19. Bh6 {[%csl Gh6][%cal Rg4g7]} (19. bxa3 bxc3) 19... g6 20. bxa3 bxc3 21. Ng5 (21. Rac1 $17) 21... Qe8 ({Better is} 21... Rb2 $19 22. Qf4 Qe8) 22. hxg6 hxg6 23. Qh3 (23. Rac1 $17) 23... Nd4 ({Black should play} 23... Rb2 $19 24. Ne2 c2) 24. Rac1 $17 c2 25. f4 Bxg5 26. Bxg5 f5 (26... Rb2 $17 {Threatens to win with ...Nh7.} 27. Ne2 Qa4) 27. exf6 $11 Qf7 (27... Rb7 $11) 28. Ne2 $16 Rb2 29. Nxd4 cxd4 30. Be2 Rxa2 (30... Re8 $16 {was necessary.} 31. a4 Bc8) 31. Bg4 $18 {[%cal Re1e6] Black must now prevent Rxe6.} Rxa3 $2 (31... Re8 32. a4 Ra3) 32. Rxc2 $2 (32. f5 $18 {[%cal Rf5e6]} gxf5 33. Bh5) 32... Bxd3 $11 33. Rd2 Be4 34. Qh6 (34. Qh4 $1 $11 {remains equal.}) 34... Ra2 $17 35. Rxa2 Rxa2 36. Bh3 d3 37. f5 (37. Qh4 $17) 37... exf5 $19 38. g4 $2 (38. Rc1 Rc2 39. Ra1) 38... fxg4 39. Bf1 Qh7 40. Bxd3 Rg2+ (40... Bxd3 $2 {[#]} 41. Re8 $1 $17 {[%mdl 512]}) 41. Kf1 Rh2 ({Not} 41... Bxd3+ 42. Kxg2 Be4+ 43. Kg3 $14) 42. Qxh7+ Nxh7 43. Bxe4 dxe4 {[%mdl 4096] Endgame KRB-KRN} ({Inferior is} 43... Nxg5 44. Bxd5+ Kh7 45. Re7+ Kh6 46. Re8 $11) 44. Be3 Nxf6 $2 (44... Rh1+ 45. Ke2 Rxe1+ 46. Kxe1 Kf7) 45. Kg1 (45. Bd4 $142 Rh1+ 46. Bg1) 45... Ra2 46. Bd4 (46. Bg5 $142 Nh7 47. Bh6) 46... Kf7 (46... Nh7 $142 {Hoping for ...Ng5.} 47. Be3 Ra4) 47. Bxf6 Kxf6 48. Rxe4 {KR-KR} Kg5 49. Re3 Kh4 50. Rb3 g5 51. Rc3 Ra1+ 52. Kg2 g3 $2 ({Black should try} 52... Ra4 $19 53. Re3 Rc4) 53. Rc4+ $1 $11 g4 54. Rxg4+ Kxg4 {Accuracy: White = 52%, Black = 52%.} 1/2-1/2

[Event "Fagernes GM Swiss 2020"]
[Site "Fagernes"]
[Date "2020.10.08"]
[Round "6.15"]
[White "Nilsen, Tobias Lang"]
[Black "Krivenko, Dion"]
[Result "1/2-1/2"]
[WhiteElo "2146"]
[BlackElo "2047"]
[Annotator "TA"]
[PlyCount "44"]
[EventDate "2020.10.04"]
[EventType "swiss"]
[EventCountry "NOR"]
[SourceTitle "playchess.com"]
[Source "ChessBase"]
[SourceQuality "1"]

{[%evp 9,44,35,25,27,60,51,41,54,42,37,48,50,69,55,57,66,68,43,101,18,13,6,31,36,52,45,45,24,39,12,19,17,70,62,83,34,85]} 1. e4 c5 2. Nf3 d6 3. d4 cxd4 4. Qxd4 h6 5. c4 Nc6 {[#]} 6. Qd2 $146 {B53: Sicilian: 2...d6: Lines with Qxd4.} ({Predecessor:} 6. Qe3 Nf6 7. h3 e6 8. Nc3 Be7 9. Be2 d5 10. cxd5 exd5 11. exd5 Nxd5 12. Nxd5 Qxd5 {½-½ (69) Perez,M (2399)-Fedoseev,V (2724) chess.com INT 2018}) 6... e5 7. h3 Be7 8. Nc3 Nf6 9. Be2 O-O 10. O-O Nh5 11. Nxe5 Nxe5 12. Bxh5 Nxc4 13. Qe2 Nb6 ({Black should play} 13... Be6 $14) 14. Bg4 ({Better is} 14. Rd1 $16) 14... Bf6 $11 15. Rd1 Qe7 16. Bf4 Be5 17. Bxe5 dxe5 18. Bxc8 Rfxc8 19. Nb5 Rd8 20. Rxd8+ Qxd8 ({Black should try} 20... Rxd8 $11 21. Nxa7 Qb4) 21. Rd1 Qe7 22. Qd3 a6 {Accuracy: White = 69%, Black = 73%.} (22... Qb4 $14) 1/2-1/2

[Event "Fagernes GM Swiss 2020"]
[Site "Fagernes"]
[Date "2020.10.08"]
[Round "6.16"]
[White "Lund, Gunnar"]
[Black "Brodtkorb, Lars Johan"]
[Result "1/2-1/2"]
[WhiteElo "2302"]
[BlackElo "2166"]
[Annotator "TA"]
[PlyCount "47"]
[EventDate "2020.10.04"]
[EventType "swiss"]
[EventCountry "NOR"]
[SourceTitle "playchess.com"]
[Source "ChessBase"]
[SourceQuality "1"]

{[%evp 9,47,4,6,8,12,-7,-5,-8,0,-19,-14,-20,-13,-13,-18,-54,-41,-60,-53,-55,-62,-61,-56,-52,-46,-53,-47,-77,-68,-81,-82,-72,-81,-66,-71,-70,43,29,28,22]} 1. d4 d5 2. Bf4 e6 3. Nf3 c5 4. e3 Qb6 5. Qc1 Bd7 6. Nbd2 {D02: 1 d4 d5 2 Nf3 sidelines, including 2...Nf6 3 g3 and 2...Nf6 3 Bf4.} Nf6 7. a4 Nc6 {[%cal Rc5d4]} 8. c3 {[#] The position is equal.} Nh5 $146 ({Predecessor:} 8... Rc8 9. h3 cxd4 10. exd4 Ne4 11. Bd3 Nxd2 12. Qxd2 Na5 13. Qe2 Nb3 14. Ra2 Bd6 {1-0 (32) Weitzer,S (2185)-Klingelhoefer,S (2302) Germany 1999}) 9. Bg3 Nxg3 10. hxg3 Qc7 11. Bd3 h6 12. g4 O-O-O 13. dxc5 e5 {...e4 is the strong threat.} 14. Bf5 Bxf5 15. gxf5 e4 16. Nd4 Ne5 $1 {[%cal Re5d3] [#] aiming for ...Nd3+.} 17. Qc2 Nd3+ 18. Ke2 Bxc5 19. N2b3 Bxd4 20. Nxd4 Kb8 21. Rad1 Qc4 {[#] Strongly threatening ...Nb4+.} 22. b3 Nf4+ (22... Qa6 $15 23. Rxd3 Rc8) 23. Kd2 $14 Qd3+ 24. Kc1 {Accuracy: White = 82%, Black = 87%.} 1/2-1/2

[Event "Fagernes GM Swiss 2020"]
[Site "Fagernes"]
[Date "2020.10.08"]
[Round "6.17"]
[White "Nielsen, Andre"]
[Black "Tenold, Andreas"]
[Result "0-1"]
[WhiteElo "2218"]
[BlackElo "1935"]
[Annotator "TA"]
[PlyCount "62"]
[EventDate "2020.10.04"]
[EventType "swiss"]
[EventCountry "NOR"]
[SourceTitle "playchess.com"]
[Source "ChessBase"]
[SourceQuality "1"]

{[%evp 26,62,25,0,5,15,28,22,19,0,0,7,0,-20,-25,-41,-47,-36,-26,-47,-52,-50,-45,-94,-64,-316,-307,-325,-314,-303,-309,-429,-431,-399,-383,-429,-435,-1526,-1522]} 1. e4 c5 2. Nf3 e6 3. d4 cxd4 4. Nxd4 Nc6 5. Nc3 Qc7 6. Be2 a6 7. O-O Nf6 8. Be3 Be7 9. f4 d6 10. Qe1 O-O 11. Qg3 Nxd4 12. Bxd4 b5 13. a3 Bb7 14. Rae1 Rad8 {B85: Sicilian Scheveningen: 6 Be2 a6, lines with early Be3.} 15. Kh1 Rd7 16. Bd3 Re8 {The position is equal.} 17. e5 dxe5 18. Bxe5 Qd8 $1 19. f5 {And now Qh3 would win.} Bd6 $1 20. Qh3 {[#] Threatens to win with fxe6.} Bxe5 21. Rxe5 {[%cal Rf5e6]} exf5 22. Rexf5 Rd6 {[%cal Bd7d6,Bd6e6,Be6e4,Be4e2,Be2e1][%mdl 32] White must now prevent ...Bc8.} 23. Qg3 {[#]} Rde6 $146 ({Predecessor:} 23... g6 24. b3 Rde6 25. Rc5 Qd4 26. Rc7 Ba8 27. Qf2 Qxf2 28. Rxf2 Kg7 29. Na2 Bc6 30. Ra7 Ra8 31. Rc7 Rae8 32. Ra7 Ra8 33. Rc7 {½-½ (33) Guimaraes,A (2028)-Bea,B (2116) Caldas Novas 2011}) 24. Rg5 {aiming for Bxh7+!} g6 25. a4 $2 {[%mdl 8192]} (25. Qf2 $15) 25... b4 $19 26. Nd1 Ne4 27. Bxe4 Rxe4 ({Don't take} 27... Bxe4 28. Ne3 $19) 28. Rg4 Re2 29. Qf4 {[#]} Qd5 $1 {[%cal Re2g2][%mdl 512]} 30. c4 Qe6 31. Nf2 (31. Rg3 $142 Re4 32. Qf2) 31... Re1 {White got outplayed after the opening. Accuracy: White = 52%, Black = 100%.} 0-1

[Event "Fagernes GM Swiss 2020"]
[Site "Fagernes"]
[Date "2020.10.08"]
[Round "6.18"]
[White "Eliseev, Sergey"]
[Black "Sorensen, Simen"]
[Result "1-0"]
[WhiteElo "2025"]
[BlackElo "2047"]
[Annotator "TA"]
[PlyCount "139"]
[EventDate "2020.10.04"]
[EventType "swiss"]
[EventCountry "NOR"]
[SourceTitle "playchess.com"]
[Source "ChessBase"]
[SourceQuality "1"]

{[%evp 10,139,-14,-6,8,-56,1,14,52,27,47,40,94,54,67,50,61,50,58,68,75,68,104,104,146,113,113,131,135,125,119,110,134,122,134,119,231,223,256,225,242,203,289,272,377,362,387,345,434,369,422,425,385,400,543,390,528,470,454,455,506,528,559,558,582,556,589,575,625,487,487,333,303,0,461,270,270,263,265,270,276,252,264,266,250,221,272,234,323,314,315,325,453,433,476,476,464,464,476,476,476,476,482,432,937,439,1283,1012,742,2376,29976,29978,2342,2237,29979,29980,29978,29980,29980,29981,29980,29980,29980,29981,29985,29986,29986,29986,29986,29987,29986,29986]} 1. e4 c5 2. Nf3 e6 3. b3 a6 4. Bb2 Nc6 5. d4 cxd4 6. Nxd4 Qf6 {B40: Sicilian: 2...e6, Unusual lines.} 7. Bc3 {[#]} (7. Be2 $11) 7... e5 $146 (7... Bc5 $15 8. Nf5 e5) ({Predecessor:} 7... Bc5 8. Nf3 e5 9. Nbd2 b5 10. a4 Rb8 11. axb5 axb5 12. Bd3 Nge7 13. Qe2 b4 14. Bb2 {0-1 (24) Borocz,I (2477)-Kveinys,A (2531) Zuerich 2004}) 8. Nxc6 $11 bxc6 {The position is equal.} 9. Qh5 d6 10. Bc4 Nh6 (10... Qe7 $14) 11. Qe2 Qg6 12. O-O $36 {[%mdl 2048] Black is under pressure.} Be7 13. Nd2 O-O 14. f3 Kh8 15. Bd3 Bg5 16. Nc4 {[%cal Bd2c4,Bc4b2,Bb2d3,Bd3b4][%mdl 32]} Bd8 17. a4 Qe6 18. a5 Rb8 19. Nb2 Qd7 20. Bd2 f6 21. Be3 d5 22. Bxa6 f5 (22... Bxa6 $16 23. Qxa6 Be7) 23. Bxc8 $18 Qxc8 24. Nd3 Bf6 25. Ra4 Qa6 (25... Nf7 $142 26. exf5 Re8) 26. Re1 g5 27. Bc5 Rfe8 28. Nb4 Qc8 29. Qa6 d4 30. Qxc8 Rexc8 31. a6 {[%cal Ba5a6,Ba6a7][%mdl 32]} fxe4 32. Rxe4 Ra8 33. Nd3 Nf7 34. Nb2 Bd8 35. Nc4 Bc7 36. a7 Kg7 37. Re1 Kf6 38. Ra6 Bd8 39. Bb6 Be7 40. Ba5 Bc5 {[#]} 41. Bb6 (41. Nb6 $142 $1 {[%cal Rb6c8]} d3+ 42. Kf1 Bxb6 43. Bxb6) 41... Be7 $1 42. Rea1 (42. h4 $142) 42... Nd6 43. Nxd6 Bxd6 44. R1a5 Ke6 45. Bc5 Bxc5 46. Rxc5 {[%mdl 4096] Endgame KRR-KRR} Kd6 47. Rca5 Rc7 48. Kf2 Rb7 49. Ke2 h5 50. Kd3 Rf7 51. b4 Kc7 52. Rxe5 Kb7 53. Ra4 g4 54. Rxh5 gxf3 55. gxf3 Rxf3+ 56. Kxd4 Rf7 (56... Rd8+ $142 57. Kc4 Ka8) 57. Kc5 Rg7 (57... Rc7 $142 58. h4 Rxa7) 58. c4 Rf7 59. h4 Rg7 60. Rg5 Rh7 61. h5 Rxa7 62. Rxa7+ {White mates.} Kxa7 63. Kxc6 {KR-KR} Rh6+ 64. Kb5 Rb6+ 65. Kc5 Rf6 66. b5 Kb7 67. Rg7+ Kb8 68. Rh7 Rf5+ 69. Kb4 Rf6 70. c5 {Accuracy: White = 79%, Black = 46%.} 1-0